000 00453nam a2200193Ia 4500
008 170918s9999 xx 000 0 und d
020 _a9780545085359
050 _bP332 1989
100 _aPaulsen, Gary
245 4 _aThe voyage of the frog /
245 _cGary Paulsen.
260 _aNew York :
260 _bScholastic,
260 _c1989
300 _a141 pages :
300 _bcolored illustration ;
300 _c19cm.
500 _a1080
999 _c342356
_d342356